Welcome to the Holygrace Academy Library

Please use search bar below to get started

ANIMAL PHYSIOLOGY (Record no. 1403)

MARC details
000 -LEADER
fixed length control field 00339nam a22001457a 4500
082 ## - DEWEY DECIMAL CLASSIFICATION NUMBER
Classification number 591.1
Item number MAR/A
100 ## - MAIN ENTRY--AUTHOR NAME
Personal name MARIAKUTTIKAN, A
100 ## - MAIN ENTRY--AUTHOR NAME
Personal name ARUMUGAM, N
245 ## - TITLE STATEMENT
Title ANIMAL PHYSIOLOGY
250 ## - EDITION STATEMENT
Edition statement FIRST EDITION
260 ## - PUBLICATION, DISTRIBUTION, ETC. (IMPRINT)
Place of publication NAGERCOIL
Name of publisher SARAS PUBLICATIONS
Year of publication 1985
300 ## - PHYSICAL DESCRIPTION
Number of Pages 546
650 ## - SUBJECT ADDED ENTRY--TOPICAL TERM
Topical Term BIOLOGY REFERENCE
Geographic subdivision INDIA
942 ## - ADDED ENTRY ELEMENTS (KOHA)
Koha item type Books
Holdings
Withdrawn status Lost status Collection code Home library Current library Shelving location Date acquired Source of acquisition Full call number Accession Number Koha item type
    Reference Main Library Main Library SHELF-5 D REFERENCEBIOLOGY 31/03/2006 purchase 591.1 MAR/A 02300 Books